| 000 | 01205nam a22002777a 4500 | ||
|---|---|---|---|
| 001 | 8727 | ||
| 003 | FISKH | ||
| 005 | 20251014095007.0 | ||
| 008 | 251014b cb ||||| |||| 00| 0 eng d | ||
| 020 | _a9780194790772 | ||
| 040 |
_aFISKH _beng _cFISKH _dFISKH |
||
| 050 | _aPE1126.A4 G557 | ||
| 082 | _a428.6 | ||
| 100 |
_aGilbert, Harry _eAuthor |
||
| 245 |
_aThe year of sharing / _cHarry Gilbert |
||
| 260 |
_aNew York : _bOxford University , _c1994 |
||
| 300 |
_a56 pages : _billustrations ; _c20 cm |
||
| 505 | _aJ | ||
| 520 | _aRichard is bored with the quiet life of his village. He would like to have a motor-car and drive it . . . very fast. But Richard lives in a future world where there are no cars, only bicycles and small villages and green forests. And now he is twelve years old, and like the other children, he must do his Year of Sharing. He must live alone in the forest with the wild animals. He must learn to share his world; he must learn how animals live and eat and fight . . . and die. | ||
| 521 | 8 |
_a460
_bLexile |
|
| 521 | 8 |
_aJ
_bRaz-Plus |
|
| 650 |
_aElementary-High _vFantasy |
||
| 700 |
_aGrace, Gerry _eIllustrator |
||
| 942 |
_2ddc _cBK _n0 |
||
| 999 |
_c8727 _d8727 |
||